|
|
|
|
| LEADER |
01042cas a2200205 a 4500 |
| 001 |
AALejournalJSTOR000607 |
| 008 |
230228c9999 xx r poo 0 0eng d |
| 022 |
|
|
|a 2165-4166
|
| 040 |
|
|
|a BD-DhAAL
|c BD-DhAAL
|
| 245 |
0 |
0 |
|h [electronic resource]
|a InsideHealthPolicy.com's FDA Week
|
| 260 |
|
|
|b Inside Washington Publishers
|
| 300 |
|
|
|a 1 online resource
|
| 362 |
0 |
|
|a Vol. 17,
|a no. 49
|
| 500 |
|
|
|a <strong>Off-Campus Access:</strong> Athens ID and Password Required
|
| 500 |
|
|
|a <strong>On-Campus Access:</strong> No User ID or Password Required
|
| 506 |
|
|
|a Electronic access restricted to authorized BRAC University faculty, staff and students
|
| 538 |
|
|
|a Mode of access: Internet
|
| 650 |
|
4 |
|a Health Sciences ; Medicine & Allied Health ; Public Health ; Public Policy & Administration ; Social Sciences
|
| 856 |
4 |
0 |
|z Full text available on JSTOR[2011-12-09 - 2019-12-20]
|u https://www.jstor.org/journal/fdaweek
|
| 856 |
4 |
0 |
|z Off-campus access
|u https://go.openathens.net/redirector/bracu.ac.bd?url=https%3A%2F%2Fwww.jstor.org%2Fjournal%2Ffdaweek
|